Statistics for Fifa 23 Top 100 Bundesliga Players

Click here to take the quiz!

General Stats

  • This quiz has been taken 77 times
  • The average score is 62 of 100

Answer Stats

RatingClubNationPlayer% Correct
89Bayern MunichGermanyJoshua Kimmich
97%
90Bayern MunichGermanyManuel Neuer
97%
89Bayern MunichSenegalSadio Mane
95%
84Borussia DortmundEnglandJude Bellingham
93%
87Bayern MunichGermanyLeon Goretzka
93%
87Bayern MunichGermanyThomas Muller
93%
84Bayern MunichCanadaAlphonso Davies
92%
86Bayern MunichFranceKingsley Coman
92%
85Borussia DortmundGermanyMarco Reus
92%
85Bayern MunichGermanySerge Gnabry
90%
85RB LeipzigHungaryPeter Gulacsi
89%
85Borussia MonchengladbachSwitzerlandYann Sommer
89%
86Eintracht FrankfurtGermanyKevin Trapp
87%
84Bayern MunichGermanyLeroy Sane
87%
86RB LeipzigFranceChristopher Nkunku
85%
85Borussia DortmundGermanyNiklas Sule
85%
85Bayer LeverkusenCzech RepublicPatrik Schick
85%
85Bayern MunichNetherlandsMatthijs De Ligt
84%
84Borussia DortmundGermanyMats Hummels
82%
84Bayern MunichFranceLucas Hernandez
80%
82Borussia DortmundPortugalRaphael Guerreiro
80%
82RB LeipzigSpainDani Olmo
79%
81Bayern MunichFranceDayot Upamecano
79%
83Borussia DortmundSwitzerlandGregory Kobel
79%
82RB LeipzigHungaryWilli Orban
79%
84Bayer LeverkusenFranceMoussa Diaby
77%
81Bayern MunichGermanyJamal Musiala
75%
83Bayer LeverkusenFinlandLukas Hradecky
75%
82Borussia DortmundIvory CoastSebastien Haller
74%
83TSG HoffenheimSpainAngelino
70%
82Borussia DortmundGermanyJulian Brandt
70%
82Borussia DortmundGermanyNico Schlotterbeck
70%
84VFL WolfsburgBelgiumKoen Casteels
69%
82Bayern MunichMoroccoNoussair Mazraoui
69%
82RB LeipzigGermanyTimo Werner
69%
82TSG HoffenheimCroatiaAndrej Kramaric
67%
82RB LeipzigPortugalAndre Silva
67%
79Bayern MunichFranceBenjamin Pavard
67%
83RB LeipzigAustriaKonrad Laimer
67%
80Bayern MunichAustriaMarcel Sabitzer
67%
81Eintracht FrankfurtGermanyMario Gotze
67%
81RB LeipzigSwedenEmil Forsberg
66%
80Eintracht FrankfurtJapanDaichi Kamada
64%
82Bayer LeverkusenGermanyFlorian Wirtz
64%
80RB LeipzigGermanyLukas Klostermann
64%
79RB LeipzigHungaryDominik Szoboszlai
62%
79Borussia DortmundNetherlandsDonyell Malen
62%
82Borussia DortmundGermanyEmre Can
62%
81RB LeipzigCroatiaJosko Gvardiol
62%
78Borussia MonchengladbachFranceMarcus Thuram
62%
82SC FreiburgGermanyMatthias Ginter
62%
78Borussia DortmundBelgiumThomas Meunier
62%
80Borussia DortmundBelgiumThorgan Hazard
62%
80Bayer LeverkusenChileCharles Aranguiz
61%
81Bayer LeverkusenBurkina FasoEdmond Tapsoba
61%
78RB LeipzigGermanyMarcel Halstenberg
59%
81SC FreiburgItalyVincenzo Grifo
59%
81Borussia MonchengladbachGermanyJonas Hofmann
57%
78RB LeipzigMaliAmadou Haidara
56%
791.FC KolnTunisiaEllyes Skhiri
56%
82Bayer LeverkusenGermanyJonathan Tah
56%
79Bayern MunichNetherlandsRyan Gravenberch
56%
80Bayer LeverkusenIranSardar Azmoun
56%
78Borussia MonchengladbachFranceAlassane Plea
54%
80VFL WolfsburgGermanyMaximilian Arnold
54%
83TSG HoffenheimGermanyOliver Baumann
54%
78Borussia MonchengladbachAlgeriaRamy Bensebaini
54%
80Bayer LeverkusenNetherlandsJeremie Frimpong
52%
80RB LeipzigSloveniaKevin Kampl
52%
81Bayer LeverkusenGermanyKerem Demirbay
51%
79Borussia MonchengladbachGermanyLars Stindl
51%
78Eintracht FrankfurtFranceRandal Kolo Muani
51%
79Borussia DortmundTurkeySalih Ozcan
51%
79Borussia DortmundFranceAnthony Modeste
49%
80SC FreiburgGermanyChristian Gunter
48%
80Eintracht FrankfurtSwitzerlandDjibril Sow
48%
81Eintracht FrankfurtFranceEvan Ndicka
48%
80Borussia DortmundGermanyMahmoud Dahoud
48%
80SC FreiburgNetherlandsMark Flekken
48%
78Bayer LeverkusenArgentinaExequiel Palacios
46%
78Werder BremenCzech RepublicJiri Pavlenka
46%
781.FC KolnGermanyJonas Hector
46%
78Bayer LeverkusenEcuadorPiero Hincapie
46%
78VFB StuttgartCroatiaBorna Sosa
44%
78Eintracht FrankfurtColombiaRafael Santos Borre
44%
78VFB StuttgartJapanWataru Endo
44%
78TSG HoffenheimAustriaChristoph Baumgartner
43%
81RB LeipzigGermanyDavid Raum
43%
78VFB StuttgartGreeceKonstantinos Mavropanos
43%
80Borussia MonchengladbachGermanyFlorian Neuhaus
41%
79VFL WolfsburgCroatiaJosip Brekalo
41%
81Bayer LeverkusenGermanyRobert Andrich
39%
79VFL BochumGermanyManuel Riemann
38%
78Eintracht FrankfurtGermanySebastian Rode
34%
80RB LeipzigAustriaXaver Schlager
33%
79Bayer LeverkusenGermanyKarim Bellarabi
31%
80VFL WolfsburgGermanyRidle Baku
31%
80VFL WolfsburgGermanyMax Kruse
26%
78SC FreiburgAustriaPhilipp Lienhart
25%
79Borussia MonchengladbachGermanyJulian Weigl
18%

Score Distribution

Percentile by Number Answered

Percent of People with Each Score

Your Score History

You have not taken this quiz